Sociologie de la littérature
Αποθηκεύτηκε σε:
| Κύριος συγγραφέας: | |
|---|---|
| Μορφή: | Βιβλίο |
| Γλώσσα: | Undetermined |
| Έκδοση: |
París, Francia
Universitaires de France
1968
|
| Έκδοση: | 4 |
| Θέματα: | |
| Ετικέτες: |
Προσθήκη ετικέτας
Δεν υπάρχουν, Καταχωρήστε ετικέτα πρώτοι!
|
MARC
| LEADER | 00000nam a2200000Ia 4500 | ||
|---|---|---|---|
| 008 | 170316s9999 xx 000 0 und d | ||
| 090 | |a 801 E-9s | ||
| 100 | |a Escarpit, Robert | ||
| 245 | |a Sociologie de la littérature | ||
| 250 | |a 4 | ||
| 260 | |a París, Francia | ||
| 260 | |b Universitaires de France | ||
| 260 | |c 1968 | ||
| 300 | |a 128 páginas | ||
| 650 | |a TEORÍA LITERARIA | ||
| 650 | |a SOCIOLOGÍA LITERARIA | ||
| 650 | |a EL ESCRITOR | ||
| 650 | |a EL CONSUMO | ||
| 650 | |a LA DISTRIBUCION | ||
| 650 | |a LA PRODUCCION | ||
| 650 | |a EN IDIOMA FRANCÉS | ||
| 650 | |a EN IDIOMA FRANCÉS | ||
| 999 | |c 20262 |d 20262 | ||
| 040 | |a cru BVZT | ||
| 942 | |c 15 D |h 801 E-9s |2 z | ||
